| 000 | 00519nam a22001697a 4500 | ||
|---|---|---|---|
| 008 | 240529b |||||||| |||| 00| 0 eng d | ||
| 020 | _a9789937054119 | ||
| 041 | _aEng. | ||
| 082 | _a425/J781e | ||
| 100 | _aJoshi, Khem Raj | ||
| 245 |
_aEnglish language competence test: _ba companion for advance learners for section officers( (all competitors/ all sectors) |
||
| 260 |
_aKathmandu: _bGuru publication, _c2019 |
||
| 300 | _a514p.:ill. | ||
| 650 | _aEnglish language | ||
| 650 | _aGrammar | ||
| 942 |
_2ddc _cISBN |
||
| 999 |
_c113554 _d113542 |
||